Till to Tiller (Record no. 1370)

MARC details
000 -LEADER
fixed length control field 00406nam a22001337a 4500
008 - FIXED-LENGTH DATA ELEMENTS--GENERAL INFORMATION
fixed length control field 230619b xxu||||| |||| 00| 0 eng d
020 ## - INTERNATIONAL STANDARD BOOK NUMBER
International Standard Book Number 1843695375
082 ## - DEWEY DECIMAL CLASSIFICATION NUMBER
Classification number 304.83
Item number COT
100 ## - MAIN ENTRY--PERSONAL NAME
Titles and words associated with a name Lorenzo Cotula and Camilla Toulmin
245 ## - TITLE STATEMENT
Title Till to Tiller
Remainder of title International Migration, remittances and Land rights in West Africa
Statement of responsibility, etc. issue paper no.132
260 ## - PUBLICATION, DISTRIBUTION, ETC. (IMPRINT)
Date of publication, distribution, etc. November 2004
300 ## - PHYSICAL DESCRIPTION
Extent 92p
942 ## - ADDED ENTRY ELEMENTS (KOHA)
Source of classification or shelving scheme Dewey Decimal Classification
Koha item type Books
Holdings
Withdrawn status Lost status Source of classification or shelving scheme Damaged status Not for loan Home library Current library Date acquired Total Checkouts Full call number Barcode Date last seen Price effective from Koha item type
    Dewey Decimal Classification     County Hall Archives County Hall Archives 06/19/2023   304.83 COT 10010344 06/19/2023 06/19/2023 Books
LIBRARY OPENING HOURS

When the Parliament is sitting: 8.00a.m - 7.00p.m or until the house adjourns
Mondays and Fridays and when the House is on Recess:  8.00a.m - 5.00p.m
Closed on Weekends and Public Holidays

Online Public Access Catalog (OPAC)
Website: http://www.parliament.go.ke
Bunge Library: https://libraryir.parliament.go.ke
Contact: library@parliament.go.ke | Tel no: (254-2)2221291 or 2848000 Ext 5043